Preliminary observations on some RRII clones in smallholdings (Record no. 65494)

MARC details
000 -LEADER
fixed length control field 00407nam a2200121Ia 4500
100 ## - MAIN ENTRY--AUTHOR NAME
Personal name George P J
245 #0 - TITLE STATEMENT
Title Preliminary observations on some RRII clones in smallholdings
260 ## - PUBLICATION, DISTRIBUTION, ETC. (IMPRINT)
Name of publisher Progress and development of rubber smallholders: Proceedings of the Fourth Seminar, Colombo, 1980
Year of publication 1982
300 ## - PHYSICAL DESCRIPTION
Number of Pages 201-203
700 ## - ADDED ENTRY--PERSONAL NAME
Personal name Panikkar A O N
942 ## - ADDED ENTRY ELEMENTS (KOHA)
Koha item type Journals
Holdings
Withdrawn status Lost status Damaged status Not for loan Home library Current library Shelving location Date acquired Koha item type
      Journals RRII Library RRII Library Economics 17/12/2021 Journals